|
|
|
|
| LEADER |
00000nam2a2200000 4500 |
| 001 |
204028 |
| 005 |
20241210090005.0 |
| 035 |
|
|
|a (RuTPU)RU\TPU\book\222358
|
| 035 |
|
|
|a RU\TPU\book\222354
|
| 090 |
|
|
|a 204028
|
| 100 |
|
|
|a 20111118d1932 k y0rusy50 ca
|
| 101 |
0 |
|
|a rus
|
| 102 |
|
|
|a RU
|
| 181 |
|
0 |
|a i
|b e
|
| 182 |
|
0 |
|a n
|
| 183 |
|
0 |
|a nc
|2 RDAcarrier
|
| 200 |
0 |
|
|a Т. 1, вып. 2 : Хрупкость рельс при низких температурах и способы её уменьшения
|f А. Н. Добровидов, В. Д. Кузнецов
|
| 203 |
|
|
|a Текст
|b визуальный
|c непосредственный
|
| 210 |
|
|
|d 1932
|
| 215 |
|
|
|a 18 с.
|c ил.
|
| 283 |
|
|
|a volume
|2 RDAcarrier
|
| 316 |
|
|
|5 63413507: КР-6806
|a На обложке экслибрис И. Т. Лозовского
|
| 320 |
|
|
|a Библиогр. в тексте
|
| 461 |
|
1 |
|0 (RuTPU)RU\TPU\book\65965
|t Труды Сибирского физико-технического института
|f Томский государственный университет (ТГУ), Сибирский физико-технический институт им. В. Д. Кузнецова (СФТИ)
|v Т. 1, вып. 2 : Хрупкость рельс при низких температурах и способы её уменьшения
|d 1932-1974
|
| 606 |
1 |
|
|a Металлы
|x Хрупкость
|2 stltpush
|3 (RuTPU)RU\TPU\subj\43136
|9 62694
|
| 610 |
1 |
|
|a механические свойства
|
| 610 |
1 |
|
|a пластическая деформация
|
| 610 |
1 |
|
|a хрупкость
|
| 610 |
1 |
|
|a низкие температуры
|
| 610 |
1 |
|
|a рельсы
|
| 610 |
1 |
|
|a труды учёных ТПУ
|
| 610 |
1 |
|
|a владельческие знаки
|
| 610 |
1 |
|
|a Коллекция ТПУ
|
| 675 |
|
|
|a 669:620.194
|v 3
|
| 700 |
|
1 |
|a Добровидов
|b А. Н.
|c советский инженер-механик
|c профессор ТПИ
|f 1894-1980
|g Александр Николаевич
|3 (RuTPU)RU\TPU\pers\21863
|9 9200
|
| 701 |
|
1 |
|a Кузнецов
|b В. Д.
|c русский физик
|c профессор, академик АН СССР
|c преподавал в ТТИ и на Сибирских высших женских курсах
|c с 1917 преподавал в ТГУ, директор СФТИ (1929-1933, 1937-1960)
|f 1887-1963
|g Владимир Дмитриевич
|3 (RuTPU)RU\TPU\pers\18076
|
| 801 |
|
1 |
|a RU
|b 63413507
|c 20040406
|g PSBO
|
| 801 |
|
2 |
|a RU
|b 63413507
|c 20210126
|g PSBO
|
| 942 |
|
|
|c CR
|